000 00370 a2200157 4500
001 61886
020 _a9780194789011
040 _cAnchieta - Pituba
100 _aDean, Judith
240 1 0 _aAladdin and the enchanted lamp
_lpor
245 1 0 _aAladdin and the enchanted lamp
300 _a56
362 0 _a2008
650 4 _aLiteratura juvenil em inglês
942 _cBK
999 _c61886
_d61886